Ultracentrifugation in biochemistry / (Record no. 12059)

MARC details
000 -LEADER
fixed length control field 00939cam a22002651i 4500
001 - CONTROL NUMBER
control field 6077430
003 - CONTROL NUMBER IDENTIFIER
control field EG-ScBUE
005 - DATE AND TIME OF LATEST TRANSACTION
control field 20250731100405.0
008 - FIXED-LENGTH DATA ELEMENTS--GENERAL INFORMATION
fixed length control field 730117s1959 nyua f b 001 0 eng d
035 ## - SYSTEM CONTROL NUMBER
System control number (OCoLC)541618
040 ## - CATALOGING SOURCE
Original cataloging agency DLC
Language of cataloging eng
Description conventions rda
Transcribing agency ODaWU
Modifying agency OCoLC
-- Uk
-- DLC
-- EG-ScBUE
082 04 - DEWEY DECIMAL CLASSIFICATION NUMBER
Classification number 542.9
Edition number 22
Item number SCH
100 1# - MAIN ENTRY--PERSONAL NAME
Personal name Schachman, Howard K.,
Relator term author.
9 (RLIN) 7032
245 10 - TITLE STATEMENT
Title Ultracentrifugation in biochemistry /
Statement of responsibility, etc Howard k. Schachman, Biochemistry and Virus Laboratory, University of California, Berkeley, California.
264 #1 - PUBLICATION, DISTRIBUTION, ETC. (IMPRINT)
Place of publication, distribution, etc New York :
Name of publisher, distributor, etc Academic Press,
Date of publication, distribution, etc 1959.
300 ## - PHYSICAL DESCRIPTION
Extent 272 pages :
Other physical details illustrations ;
Dimensions 24 cm
336 ## - CONTENT TYPE
Source rdacontent
Content type term text
Content type code txt
337 ## - MEDIA TYPE
Media type term unmediated
Source rdamedia
Media type code n
338 ## - CARRIER TYPE
Carrier type term volume
Carrier type code nc
Source rdacarrier
504 ## - BIBLIOGRAPHY, ETC. NOTE
Bibliography, etc Includes bibliographical references and index.<br/>
650 #7 - SUBJECT ADDED ENTRY--TOPICAL TERM
Topical term or geographic name as entry element Centrifuges.
Source of heading or term BUEsh
9 (RLIN) 7033
650 #7 - SUBJECT ADDED ENTRY--TOPICAL TERM
Topical term or geographic name as entry element Biochemistry.
Source of heading or term BUEsh
9 (RLIN) 7034
655 ## - INDEX TERM--GENRE/FORM
Form subdivision Reading book
942 ## - ADDED ENTRY ELEMENTS (KOHA)
Source of classification or shelving scheme Dewey Decimal Classification
Koha item type Book - Borrowing
Holdings
Withdrawn status Lost status Source of classification or shelving scheme Damaged status Not for loan Collection code Home library Current library Shelving location Date acquired Source of acquisition Cost, normal purchase price Total Checkouts Full call number Barcode Date last seen Koha item type
    Dewey Decimal Classification     Alef-Baa Central Library Central Library First floor 28/06/2009 Purchase 150.00   542.9 SCH 000017067 15/07/2025 Book - Borrowing